000 00277nam a2200121Ia 4500
005 20251222143200.0
008 251222s9999||||xx |||||||||||||| ||spa||
082 _a516/A47
100 _aAlva Gallegos, Fernando
245 0 _aGeometrĂ­a:
264 _bSan Marcos
942 _cLIB
999 _c13022
_d13022